(Record no. 90272)

MARC details
000 -CABECERA
campo de control de longitud fija 00555nab a2200193 a 4500
005 - FECHA Y HORA DE LA ÚLTIMA TRANSACCIÓN
campo de control 20240203063641.0
008 - ELEMENTOS DE LONGITUD FIJA--INFORMACIÓN GENERAL
campo de control de longitud fija 991125s1985 mx 000 0 spa u
035 ## - NÚMERO DE CONTROL DEL SISTEMA
Número de control de sistema UPN01000117849
222 ## - TÍTULO CLAVE
Título clave REVISTA LATINOAMERICANA DE PSICOLOGIA (BOGOTA, COLOMBIA)
245 ## - MENCIÓN DE TÍTULO
-- Representaciones de la vejez
300 ## - DESCRIPCIÓN FÍSICA
Extensión 519-536
362 0# - FECHAS DE PUBLICACIÓN Y/O DESIGNACIÓN SECUENCIAL
Fecha de publicación y/o designación secuencial 2000 vol. 32, no.3
650 #4 - ASIENTO SECUNDARIO DE MATERIA - TERMINO TEMATICO
Término de materia o nombre geográfico como elemento de entrada MAR DEL PLATA, ARGENTINA
650 #4 - ASIENTO SECUNDARIO DE MATERIA - TERMINO TEMATICO
Término de materia o nombre geográfico como elemento de entrada Vejez
9 (RLIN) 14052
650 #4 - ASIENTO SECUNDARIO DE MATERIA - TERMINO TEMATICO
Término de materia o nombre geográfico como elemento de entrada REPRESENTACION SOCIAL
650 #4 - ASIENTO SECUNDARIO DE MATERIA - TERMINO TEMATICO
Término de materia o nombre geográfico como elemento de entrada PSICOGERONTOLOGIA
700 02 - ASIENTO SECUNDARIO--NOMBRE DE PERSONAL
Nombre de persona MONCHIETTI, Alicia, coaut.
905 ## - TIPO DE MATERIAL
Tipo de material Articulo

No items available.